Normal view
MARC view
- Rajan Gupta
Entry Personal Name
001 - CONTROL NUMBER
- control field: 212641
003 - CONTROL NUMBER IDENTIFIER
- control field: OSt
005 - DATE AND TIME OF LATEST TRANSACTION
- control field: 20250804172817.0
008 - FIXED-LENGTH DATA ELEMENTS
- fixed length control field: 250804|| aca||aabn | a|a d
040 ## - CATALOGING SOURCE
- Original cataloging agency: OSt
- Transcribing agency: OSt
100 ## - HEADING--PERSONAL NAME
- Personal name: Rajan Gupta
670 ## - SOURCE DATA FOUND
- Source citation: Work cat.: (OSt)367226: Rajan Gupta , Fundamentals of IOT(Get familiar with the building blocks of IOT), 2023